|
|
|
|
| LEADER |
00000cam a2200000 7i4500 |
| 001 |
0000000564 |
| 005 |
20020306.0 |
| 020 |
0 |
0 |
|a 1853836923
|
| 090 |
0 |
0 |
|a 333.953416
|b DUT 2000
|
| 100 |
1 |
0 |
|a DUTFIELD
|h Graham
|
| 245 |
1 |
0 |
|a Intellectual property rights, trade, and biodiversity :
|b Seeds and plant varieties
|c Graham Dutfield
|
| 260 |
0 |
0 |
|a London :
|b IUCN, World Conservation Union : Earthscan Publications ,
|c 2000
|
| 300 |
|
|
|a xvi, 238 p. ;
|c 24 cm.
|
| 500 |
0 |
0 |
|a Bibliography: [p.219-231] and index
|
| 650 |
0 |
0 |
|a Germplasm resources, Plant
|
| 650 |
0 |
0 |
|a Intellectual property
|
| 998 |
|
|
|a JPSM
|
| 999 |
|
|
|a 0000001667
|b Monograph
|c Open Shelf
|e Default branch
|